Minecraft Advancements - Statistics

General Stats
  • This quiz has been taken 158 times
  • The average score is 43 of 110
Answer Stats
Section Answer % Correct
Minecraft The End?
85%
The End The End
85%
Minecraft Stone Age
79%
Minecraft Diamonds!
77%
Minecraft Getting an Upgrade
71%
Minecraft Minecraft
69%
Minecraft Isn't It Iron Pick
67%
Adventure Monster Hunter
65%
Minecraft Ice Bucket Challenge
63%
The End The End... Again...
63%
Minecraft Acquire Hardware
62%
Nether A Terrible Fortress
62%
Minecraft Suit Up
62%
Minecraft We Need to Go Deeper
62%
Minecraft Hot Stuff
60%
Nether How Did We Get Here?
60%
Minecraft Enchanter
58%
The End Free the End
56%
Minecraft Eye Spy
54%
Nether Hot Tourist Destinations
52%
Nether Into Fire
52%
The End Sky's the Limit
52%
Adventure Adventure
50%
Nether Cover Me in Debris
50%
Minecraft Cover Me with Diamonds
50%
Adventure Hero of the Village
50%
Nether Nether
50%
Minecraft Not Today, Thank You
50%
Nether Who is Cutting Onions?
50%
The End Great View From Up Here
48%
Nether Oh Shiny
48%
Nether Spooky Scary Skeleton
48%
Nether Those Were the Days
48%
Nether War Pigs
48%
Adventure Adventuring Time
46%
Nether A Furious Cocktail
46%
The End The City at the End of the Game
46%
Husbandry The Parrots and the Bats
46%
Nether Beaconator
44%
Husbandry Husbandry
44%
Nether Return to Sender
44%
Adventure Star Trader
44%
Husbandry A Balanced Diet
42%
Adventure Arbalistic
42%
Adventure Ol' Betsy
42%
Nether Withering Heights
42%
Husbandry Best Friends Forever
40%
The End Remote Getaway
40%
Adventure Take Aim
40%
Minecraft Zombie Doctor
40%
Adventure A Throwaway Joke
38%
Adventure Is It a Bird?
38%
Adventure Is It a Plane?
38%
Adventure Monsters Hunted
38%
Adventure Sniper Duel
38%
Husbandry Two by Two
38%
Nether Uneasy Alliance
38%
Husbandry A Seedy Place
37%
Nether Bring Home the Beacon
37%
Nether Hidden in the Depths
37%
Adventure Is It a Balloon?
37%
Nether Subspace Bubble
37%
Adventure Sweet Dreams
37%
Nether This Boat Has Legs
37%
Adventure What a Deal!
37%
Adventure Who's the Pillager Now?
37%
Adventure Caves & Cliffs
35%
Nether Not Quite "Nine" Lives
35%
Adventure Postmortal
35%
Adventure Sneak 100
35%
The End The Next Generation
35%
Adventure Voluntary Exile
35%
Adventure Bullseye
33%
Adventure Hired Help
33%
The End You Need a Mint
33%
Husbandry A Complete Catalogue
31%
Nether Local Brewery
31%
Husbandry Serious Dedication
31%
Husbandry Tactical Fishing
31%
Husbandry Bee Our Guest
29%
Husbandry Bukkit Bukkit
27%
Nether Feels Like Home
27%
Adventure Sticky Situation
27%
Husbandry Total Beelocation
27%
Adventure Two Birds, One Arrow
27%
Adventure Very Very Frightening
27%
Husbandry Wax On
27%
Husbandry Fishy Business
25%
Adventure Surge Protector
25%
Husbandry Wax Off
25%
Nether Country Lode, Take Me Home
23%
Husbandry Birthday Song
21%
Husbandry The Cutest Predator
21%
Husbandry You've Got a Friend in Me
21%
Adventure It Spreads
19%
Adventure Crafting a New Look
17%
Adventure Light as a Rabbit
17%
Adventure Smithing with Style
17%
Husbandry Whatever Floats Your Goat!
17%
Husbandry The Healing Power of Friendship
15%
Husbandry Smells Interesting
13%
Adventure Sound of Music
13%
Adventure Respecting the Remnants
12%
Adventure The Power of Books
12%
Husbandry When the Squad Hops into town
12%
Husbandry With Our Powers Combined!
12%
Adventure Careful Restoration
10%
Husbandry Little Sniffs
10%
Husbandry Glow and Behold!
8%
Husbandry Planting the Past
8%
No matching quizzes found
Score Distribution
Percent of People with Each Score
Percentile by Number Answered
Your Score History
You have not taken this quiz